000 00293 a2200145 4500
001 171482
020 _a
040 _cMagnum
100 _aVovo Felicio
240 1 0 _aO tesouro da montanha
_lpor
245 1 0 _aO tesouro da montanha
362 0 _a1899
697 _aI/FABULAS
942 _cBK
999 _c171482
_d171482